000 03357cam a2200265 4500500
005 20260329012102.0
041 _afre
042 _adc
100 1 0 _aDugarin, Jean
_eauthor
245 0 0 _aQuelques réflexions sur les origines de l’addictologie en France et ses rapports avec la psychiatrie
260 _c2026.
500 _a92
520 _aÀ l’occasion du quarantième anniversaire de la revue, ce texte propose une mise en perspective historique de la constitution, lente et émaillée de conflits théoriques multiples, du système de soin français. La revue y a joué un rôle notable en ouvrant ses colonnes à des modes d’abords diversifiés. Elle a ainsi offert aux acteurs de soin des témoignages et des angles de vue leur permettant un recul par rapport à leur propre culture professionnelle. Ses débuts ont été contemporains de l’investissement progressif du champ par des historiens, des sociologues, des épidémiologistes, des neurobiologistes et des philosophes, ce dont la revue a amplement rendu compte. Son caractère international a, de plus, permis d’avoir accès à des articles francophones venant du Canada et de Belgique, occasion d’un autre type de décentrage par rapport aux débats franco-français. Cet ensemble a favorisé la diffusion de l’idée que nous étions en présence d’un problème de type biopsychosocial impliquant, quant aux concepts employés pour en rendre compte, un minimum de réflexion épistémologique. De façon plus singulière, ce texte propose quelques réflexions à propos des rapports entre l’ancienne discipline qu’est la psychiatrie et la très récente qu’est, du moins en France, l’addictologie.
520 _aOn the occasion of the journal’s fortieth anniversary, this text offers a historical perspective on the slow and conflict-ridden development of the French healthcare system. The journal played a significant role in this process by opening its columns to a variety of approaches. It thus provided healthcare professionals with testimonials and perspectives that allowed them to take a step back from their own professional culture. Its beginnings coincided with the gradual involvement of historians, sociologists, epidemiologists, neurobiologists, and philosophers in the field, which the journal reported on extensively. Its international character also provided access to French-language articles from Canada and Belgium, offering another opportunity to shift the focus away from purely French debates. This combination has helped to spread the idea that we are dealing with a biopsychosocial problem, which requires a minimum of epistemological reflection in terms of the concepts used to describe it. More specifically, this text offers some reflections on the relationship between the long-established discipline of psychiatry and the very recent field of addiction studies, at least in France.
690 _aaddictologie
690 _ahistorique
690 _apsychiatrie
690 _asystème de soin français
690 _aaddiction studies
690 _aFrench healthcare system
690 _ahistory
690 _apsychiatry
786 0 _nPsychotropes | 32 | 1-2 | 2026-03-16 | p. 119-140 | 1245-2092
856 4 1 _uhttps://shs.cairn.info/revue-psychotropes-2026-1-2-page-119?lang=fr&redirect-ssocas=7080
999 _c1867785
_d1867785